000 01088nam0a22002771 4500
001 rc\2813295
005 20250806210846.0
035 _a(NLR Aleph) 006939102
090 _a38154
_c38154
100 _a20110915d1945 u y0rusy50 ca
101 0 _arus
102 _aRU
105 _aa z |||a|
200 1 _aЗоя
_e(Из поэмы)
_e[О Герое Советского Союза З. А. Космодемьянской]
_e[Для старш. возраста]
_fМаргарита Алигер
_gРис. Л. Голованова
210 _aМосква
_aЛенинград
_cизд. и ф-ка дет. книги Детгиза
_d1945
_eМосква
215 _a31 с.
_cил.
_d12 см.
225 1 _aКнига за книгой
700 1 _aАлигер
_bМ.И.
_f1915-1992
_gМаргарита Иосифовна
702 1 _aГолованов
_bЛ.
_4440
801 0 _aRU
_bNLR
_gpsbo
801 1 _aRU
_bELAR
_2rusmarc
852 _aNLR
_jЛ30 Г-2/1138
942 _cBOOK
945 _aРоссийская национальная библиотека
980 _aNB
980 _aBV